000 00517pab a2200181 454500
008 180718b2014 xxu||||| |||| 00| 0 eng d
100 _aNgok, King-Lun
245 _aPolicy paradigm shift and the changing role of the state: The development of social policy in China since 2003
260 _c2014
300 _ap.251-261.
362 _aApr
650 _aChina - Social policy
650 _aSocial policy
700 _aHuang, Genghua
773 _aSocial Policy and Society
908 _aN
909 _a103641
999 _c103637
_d103637